| 000 | 01714nam a22002657a 4500 | ||
|---|---|---|---|
| 001 | 2941 | ||
| 003 | FISKH | ||
| 005 | 20240124144928.0 | ||
| 008 | 240124b cb ||||| |||| 00| 0 eng d | ||
| 020 | _a9781780749396 | ||
| 040 |
_aFISKH _beng _cFISKH _dFISKH |
||
| 050 | _aPZ7 | ||
| 082 | _a813.6 | ||
| 100 | _aDonohoe, Helen | ||
| 245 |
_aBirdy flynn / _cHelen Donohoe |
||
| 260 |
_aLondon : _bRock The Boat, _c2017. |
||
| 300 |
_a372 pages : _c20 cm |
||
| 520 | _aThere is the secret of Birdy's dead grandmother's cat - how the boys tortured it and Birdy Flynn had to drown her in the river to stop her suffering. There's the secret of Mrs Cope, the popular teacher, who touched Birdy in the cupboard. There's the secret of the gypsy girl at school who Birdy likes, but she can't tell anyone. Because Birdy's other secret is that while she plays and fights as good as the boys, she is a girl, and she doesn't always feel like a girl is supposed to.Her beloved Irish mother has her own troubles, as does the rest of her rowdy family. So Birdy decides to do what she feels she has to - hold onto her secrets and try and become what others want, even if it means suffering and the risk of losing herself.In this luminescent, sad and funny portrayal of a girl growing up amid an imperfect family, Helen Donohoe has created a beautifully nuanced and deeply felt novel. Whatever their own story, every listener will recognise in Birdy their own struggle to find their place in the world. | ||
| 650 |
_aYoung Adult _2Fiction |
||
| 650 |
_2Transgender _vFiction |
||
| 650 |
_aRelationships _vJuvenile Literature |
||
| 650 |
_aTerrorism _vFiction |
||
| 650 |
_aImmigrants _vFiction |
||
| 942 |
_2ddc _cBK _n0 |
||
| 999 |
_c2941 _d2941 |
||